The development of role-taking and communication skills in children / (Record no. 55347)
[ view plain ]
| 000 -LEADER | |
|---|---|
| fixed length control field | 00892nam a2200265 a 4500 |
| 001 - CONTROL NUMBER | |
| control field | 55347 |
| 003 - CONTROL NUMBER IDENTIFIER | |
| rucl marc code | BD-RjUL |
| 005 - DATE AND TIME OF LATEST TRANSACTION | |
| control field | 20211209080242.0 |
| 008 - FIXED-LENGTH DATA ELEMENTS--GENERAL INFORMATION | |
| fixed length control field | 161116s1968 nyu b 000 0 eng |
| 035 ## - SYSTEM CONTROL NUMBER | |
| System control number | (BD-RjUL)55469 |
| 040 ## - CATALOGING SOURCE | |
| Original cataloging agency | DLC |
| Transcribing agency | DLC |
| Modifying agency | BD-RjUL |
| Language of cataloging | eng |
| 041 ## - LANGUAGE CODE | |
| Language code of text/sound track or separate title | eng |
| 082 00 - DEWEY DECIMAL CLASSIFICATION NUMBER | |
| Classification number | 155.41 |
| Edition number | 23 |
| Author mark and year | FLD 1968 |
| 100 1# - MAIN ENTRY--PERSONAL NAME | |
| Personal name | Flavell, John H. |
| 9 (RLIN) | 164880 |
| 245 14 - TITLE STATEMENT | |
| Title | The development of role-taking and communication skills in children / |
| Statement of responsibility, etc. | [by] John H. Flavell, in collaboration with Patricia T. Botkin [and others] |
| 260 ## - PUBLICATION, DISTRIBUTION, ETC. (IMPRINT) | |
| Place of publication, distribution, etc. | New York : |
| Name of publisher, distributor, etc. | Wiley. |
| Date of publication, distribution, etc. | 1968 |
| 300 ## - PHYSICAL DESCRIPTION | |
| Pagination | vii, 239 p. ; |
| Size | 24 cm. |
| 504 ## - BIBLIOGRAPHY, ETC. NOTE | |
| Bibliography, etc | Bibliography: p.228-231. |
| 650 #0 - SUBJECT ADDED ENTRY--TOPICAL TERM | |
| Topical term or geographic name as entry element | Child psychology. |
| 9 (RLIN) | 164881 |
| Topical term or geographic name as entry element | Communication |
| General subdivision | Psychological aspects. |
| 9 (RLIN) | 164882 |
| Topical term or geographic name as entry element | Social perception. |
| 9 (RLIN) | 164883 |
| 700 1# - ADDED ENTRY--PERSONAL NAME | |
| Personal name | Botkin, Patricia T., |
| Relator term | joint author. |
| 942 ## - ADDED ENTRY ELEMENTS (KOHA) | |
| Source of classification or shelving scheme | Dewey Decimal Classification |
| Koha item type | Books |
| Lost status | Source of classification or shelving scheme | Damaged status | Not for loan | Collection code | Permanent Location | Current Location | Shelving location | Date acquired | Source of acquisition | Cost, normal purchase price | Total Checkouts | Full call number | Date last seen | Copy number | Koha item type |
|---|---|---|---|---|---|---|---|---|---|---|---|---|---|---|---|
| Dewey Decimal Classification | Non-fiction | Central Library, University of Rajshahi | Central Library, University of Rajshahi | 04/08/1971 | Zeitlinger | 99.00 | 155.41 FLD 1968 | 16/11/2016 | C-2 | Books | |||||
| Dewey Decimal Classification | Non-fiction | Central Library, University of Rajshahi | Central Library, University of Rajshahi | 04/08/1971 | Zeitlinger | 99.00 | 155.41 FLD 1968 | 16/11/2016 | C-3 | Books |